01595cam a2200373 a 450000100090000000300040000900500170001300800410003001000170007102000240008802000210011202000230013302000300015602000240018603500130021004000180022304200080024105000240024908200170027310000310029024501210032126000390044230000210048133600260050233700280052833800270055650400660058350504100064958300410105965000300110065000310113065000320116170000280119316936282OSt20260617101611.0110826s2012 ilu b 001 0 eng  a 2011035958 a9781433524066qpbk. a1433524066qpbk. a9781433524073qPDF a9781433524080qMobipocket a9781433524097qePub a16936282 aDLCcDLCdDLC apcc00aBV4526.3b.V45 201200a248.8/452231 aVeith, Gene Edward,d1951-10aFamily vocation :bGod's calling in marriage, parenting, and childhood /cGene Edward Veith, Jr. and Mary J. Moerbe. aWheaton, Ill. :bCrossway,cc2012. a253 p. ;c23 cm. atextbtxt2rdacontent aunmediatedbn2rdamedia avolumebnc2rdacarrier aIncludes bibliographical references (p. 235-236) and indexes.0 aIntroduction : confusing the family -- Vocation in the nourishing estate -- Marriage -- The office of husband -- The office of wife -- Sex and vocation -- The crosses of marriage -- Parenthood -- The office of father -- The office of mother -- Raising children -- The crosses of parenthood -- Childhood -- Growing -- The crosses of childhood -- The rest of the family -- Conclusion : restoring the family. aCataloguing:c20260617kgtanuigtanui 0aFamiliesxReligious life. 0aVocationxLutheran Church. 0aLutheran ChurchxDoctrines.1 aMoerbe, Mary J.,d1980-